[Event "Women's World Team Chess Championship"]
[Site "Khanty-Mansiysk, RUS."]
[Date "2017.06.18"]
[Round "2.11"]
[White "Mammadova Gulnar (AZE)"]
[Black "Elansary Eman (EGY)"]
[Result "1-0"]
[BlackElo "1887"]
[WhiteElo "2362"]
[LiveChessVersion "1.4.8"]

1. e4 {[%clk 1:30:57]} Nf6 {[%clk 1:30:53]} 2. e5 {[%clk 1:31:19]} Nd5
{[%clk 1:31:17]} 3. c4 {[%clk 1:31:42]} Nb6 {[%clk 1:31:42]} 4. d4
{[%clk 1:32:07]} d6 {[%clk 1:32:01]} 5. exd6 {[%clk 1:32:31]} cxd6
{[%clk 1:32:19]} 6. Nc3 {[%clk 1:32:41]} g6 {[%clk 1:32:19]} 7. Be3
{[%clk 1:32:52]} Bg7 {[%clk 1:32:42]} 8. Rc1 {[%clk 1:33:02]} O-O
{[%clk 1:32:47]} 9. b3 {[%clk 1:33:23]} a5 {[%clk 1:30:50]} 10. Be2
{[%clk 1:32:39]} a4 {[%clk 1:28:56]} 11. Nf3 {[%clk 1:28:15]} Bd7
{[%clk 1:22:24]} 12. O-O {[%clk 1:25:59]} axb3 {[%clk 1:15:14]} 13. Qxb3
{[%clk 1:23:13]} Na4 {[%clk 1:08:44]} 14. Nb5 {[%clk 1:18:42]} Nc6
{[%clk 1:06:39]} 15. Rfd1 {[%clk 1:15:12]} Qa5 {[%clk 0:58:05]} 16. a3
{[%clk 1:10:21]} Na7 {[%clk 0:51:08]} 17. Bd2 {[%clk 1:08:32]} Qd8
{[%clk 0:49:21]} 18. Nc3 {[%clk 1:07:01]} Nxc3 {[%clk 0:45:13]} 19. Bxc3
{[%clk 1:07:05]} Nc6 {[%clk 0:44:52]} 20. Qb2 {[%clk 1:03:48]} Na5
{[%clk 0:42:44]} 21. d5 {[%clk 1:03:03]} Bxc3 {[%clk 0:42:47]} 22. Rxc3
{[%clk 1:03:14]} Ba4 {[%clk 0:42:01]} 23. Rb1 {[%clk 1:03:01]} Qd7
{[%clk 0:38:55]} 24. Nd4 {[%clk 1:01:48]} Rfc8 {[%clk 0:36:34]} 25. h4
{[%clk 1:00:45]} Qe8 {[%clk 0:19:09]} 26. h5 {[%clk 0:59:59]} Bd7
{[%clk 0:17:40]} 27. Rbc1 {[%clk 0:51:04]} Rc5 {[%clk 0:11:49]} 28. hxg6
{[%clk 0:49:43]} hxg6 {[%clk 0:12:09]} 29. f4 {[%clk 0:40:48]} Qf8
{[%clk 0:11:42]} 30. f5 {[%clk 0:39:11]} Qg7 {[%clk 0:11:39]} 31. Qd2
{[%clk 0:32:25]} Rac8 {[%clk 0:05:10]} 32. fxg6 {[%clk 0:31:39]} fxg6
{[%clk 0:05:32]} 33. Qe3 {[%clk 0:31:01]} Qe5 {[%clk 0:02:40]} 34. Qf2
{[%clk 0:17:30]} Rf8 {[%clk 0:02:09]} 35. Nf3 {[%clk 0:17:36]} Qf4
{[%clk 0:02:13]} 36. Rd1 {[%clk 0:14:51]} e5 {[%clk 0:01:45]} 37. dxe6
{[%clk 0:14:39]} Bxe6 {[%clk 0:01:40]} 38. Rd4 {[%clk 0:14:37]} Qf6
{[%clk 0:01:06]} 39. Rxd6 {[%clk 0:13:48]} Rc6 {[%clk 0:00:50]} 40. Rxc6
{[%clk 0:42:58]} Nxc6 {[%clk 0:31:19]} 41. Qe3 {[%clk 0:40:30]} Re8
{[%clk 0:27:28]} 42. Qd2 {[%clk 0:37:25]} Bf5 {[%clk 0:26:39]} 43. Re3
{[%clk 0:36:50]} Rd8 {[%clk 0:26:17]} 44. Qc3 {[%clk 0:36:51]} Qd6
{[%clk 0:16:54]} 45. c5 {[%clk 0:35:37]} Qf4 {[%clk 0:15:17]} 46. Bc4+
{[%clk 0:32:47]} Kh7 {[%clk 0:15:41]} 47. Kf2 {[%clk 0:33:04]} Bg4
{[%clk 0:12:38]} 48. Re4 {[%clk 0:31:50]} Qf5 {[%clk 0:08:20]} 49. Be6
{[%clk 0:30:56]} Qxe4 {[%clk 0:08:28]} 50. Ng5+ {[%clk 0:31:19]} Kh6
{[%clk 0:08:53]} 51. Nxe4 {[%clk 0:31:42]} Bxe6 {[%clk 0:09:19]} 52. Qf6
{[%clk 0:31:26]} Bd5 {[%clk 0:05:51]} 53. Nd6 {[%clk 0:31:22]} Rd7
{[%clk 0:05:48]} 54. Qh8+ {[%clk 0:31:17]} Rh7 {[%clk 0:04:39]} 55. Qf8+
{[%clk 0:31:28]} Rg7 {[%clk 0:04:15]} 56. Ne8 {[%clk 0:31:35]} 1-0

[Event "Women's World Team Chess Championship"]
[Site "Khanty-Mansiysk, RUS."]
[Date "2017.06.18"]
[Round "2.12"]
[White "Ehab Tasneem (EGY)"]
[Black "Fataliyeva Ulviyya (AZE)"]
[Result "0-1"]
[BlackElo "2341"]
[WhiteElo "1750"]
[LiveChessVersion "1.4.8"]

1. d4 {[%clk 1:30:58]} d5 {[%clk 1:30:59]} 2. Nf3 {[%clk 1:31:19]} Nf6
{[%clk 1:31:27]} 3. Bf4 {[%clk 1:31:41]} c5 {[%clk 1:31:52]} 4. c3
{[%clk 1:32:00]} e6 {[%clk 1:31:46]} 5. e3 {[%clk 1:32:22]} Nc6 {[%clk 1:32:12]}
6. Nbd2 {[%clk 1:32:31]} Bd6 {[%clk 1:32:34]} 7. Bg3 {[%clk 1:31:46]} O-O
{[%clk 1:32:54]} 8. Ne5 {[%clk 1:31:58]} Qc7 {[%clk 1:32:04]} 9. f4
{[%clk 1:31:21]} Ne7 {[%clk 1:32:27]} 10. Bd3 {[%clk 1:30:51]} c4
{[%clk 1:32:29]} 11. Bc2 {[%clk 1:31:04]} b5 {[%clk 1:32:42]} 12. Bh4
{[%clk 1:27:16]} Ne8 {[%clk 1:32:59]} 13. Qh5 {[%clk 1:25:04]} g6
{[%clk 1:33:16]} 14. Qe2 {[%clk 1:25:03]} f6 {[%clk 1:33:39]} 15. Ng4
{[%clk 1:21:49]} Nf5 {[%clk 1:28:37]} 16. Bxf5 {[%clk 1:19:38]} exf5
{[%clk 1:28:44]} 17. Nf2 {[%clk 1:17:16]} b4 {[%clk 1:27:14]} 18. Qf3
{[%clk 1:13:37]} Bb7 {[%clk 1:24:45]} 19. Nd1 {[%clk 1:00:53]} a5
{[%clk 1:21:58]} 20. Bf2 {[%clk 0:58:52]} a4 {[%clk 1:18:33]} 21. cxb4
{[%clk 0:56:32]} a3 {[%clk 1:17:24]} 22. O-O {[%clk 0:38:52]} axb2
{[%clk 1:09:27]} 23. Nxb2 {[%clk 0:38:51]} c3 {[%clk 1:08:40]} 24. Rac1
{[%clk 0:37:37]} Rxa2 {[%clk 1:08:19]} 25. Nd1 {[%clk 0:31:24]} c2
{[%clk 1:03:39]} 26. Nb3 {[%clk 0:25:24]} cxd1=Q {[%clk 1:02:31]} 27. Rfxd1
{[%clk 0:25:43]} Qf7 {[%clk 0:55:34]} 28. Nc5 {[%clk 0:23:39]} Ba6
{[%clk 0:55:15]} 29. Nxa6 {[%clk 0:21:36]} Rxa6 {[%clk 0:55:37]} 30. Qe2
{[%clk 0:20:45]} Rb6 {[%clk 0:55:34]} 31. b5 {[%clk 0:20:09]} Qb7
{[%clk 0:55:43]} 32. Rb1 {[%clk 0:18:32]} Nc7 {[%clk 0:56:03]} 33. Rb3
{[%clk 0:17:16]} Rxb5 {[%clk 0:56:04]} 34. Rxb5 {[%clk 0:17:15]} Qxb5
{[%clk 0:56:24]} 35. Qxb5 {[%clk 0:17:24]} Nxb5 {[%clk 0:56:51]} 36. Rb1
{[%clk 0:17:09]} Nc3 {[%clk 0:57:05]} 37. Rb6 {[%clk 0:17:17]} Ne4
{[%clk 0:56:19]} 38. Be1 {[%clk 0:15:17]} Rc8 {[%clk 0:55:43]} 39. Kf1
{[%clk 0:15:34]} Rc1 {[%clk 0:55:37]} 40. Ke2 {[%clk 0:45:44]} Rc2+
{[%clk 1:25:48]} 41. Kf1 {[%clk 0:45:17]} Ba3 {[%clk 1:25:08]} 42. Rb3
{[%clk 0:41:56]} Bc1 {[%clk 1:25:26]} 43. h3 {[%clk 0:40:00]} Bd2
{[%clk 1:25:25]} 44. Rb8+ {[%clk 0:39:09]} Kg7 {[%clk 1:23:59]} 45. Bxd2
{[%clk 0:36:33]} Nxd2+ {[%clk 1:24:20]} 46. Kg1 {[%clk 0:35:18]} Nc4
{[%clk 1:24:39]} 47. Rb7+ {[%clk 0:35:11]} Kf8 {[%clk 1:24:42]} 48. Rb3
{[%clk 0:34:23]} Re2 {[%clk 1:24:54]} 49. Rb8+ {[%clk 0:31:22]} Ke7
{[%clk 1:25:09]} 50. Rb7+ {[%clk 0:31:36]} Kd6 {[%clk 1:24:26]} 51. Kf1
{[%clk 0:27:40]} Rxe3 {[%clk 1:24:32]} 52. Rxh7 {[%clk 0:24:14]} Re4
{[%clk 1:24:53]} 53. g3 {[%clk 0:23:08]} Rxd4 {[%clk 1:23:01]} 54. Rh6
{[%clk 0:23:18]} Rd1+ {[%clk 1:22:55]} 55. Kf2 {[%clk 0:23:06]} Rd2+
{[%clk 1:23:16]} 56. Ke1 {[%clk 0:22:26]} d4 {[%clk 1:23:21]} 57. Rxg6
{[%clk 0:22:33]} d3 {[%clk 1:23:39]} 0-1

[Event "Women's World Team Chess Championship"]
[Site "Khanty-Mansiysk, RUS."]
[Date "2017.06.18"]
[Round "2.15"]
[White "Batsiashvili Nino (GEO)"]
[Black "Kulon Klaudia (POL)"]
[Result "0-1"]
[BlackElo "2381"]
[WhiteElo "2469"]
[LiveChessVersion "1.4.8"]

1. d4 {[%clk 1:30:55]} Nf6 {[%clk 1:30:56]} 2. c4 {[%clk 1:31:22]} g6
{[%clk 1:31:23]} 3. Nc3 {[%clk 1:31:47]} Bg7 {[%clk 1:31:49]} 4. e4
{[%clk 1:32:09]} d6 {[%clk 1:32:15]} 5. f3 {[%clk 1:32:27]} O-O {[%clk 1:32:39]}
6. Be3 {[%clk 1:32:54]} c5 {[%clk 1:33:02]} 7. dxc5 {[%clk 1:33:11]} dxc5
{[%clk 1:33:28]} 8. Qxd8 {[%clk 1:33:29]} Rxd8 {[%clk 1:33:54]} 9. Bxc5
{[%clk 1:33:51]} Nc6 {[%clk 1:34:20]} 10. Be3 {[%clk 1:34:15]} Be6
{[%clk 1:28:39]} 11. Rc1 {[%clk 1:34:12]} Nd7 {[%clk 1:25:52]} 12. Kf2
{[%clk 1:15:21]} f5 {[%clk 1:18:46]} 13. Nh3 {[%clk 1:10:58]} Nde5
{[%clk 1:13:37]} 14. b3 {[%clk 0:48:33]} fxe4 {[%clk 1:09:17]} 15. Nf4
{[%clk 0:48:57]} Bf5 {[%clk 1:08:32]} 16. g4 {[%clk 0:47:55]} Bxg4
{[%clk 1:06:11]} 17. fxg4 {[%clk 0:41:17]} Nxg4+ {[%clk 1:04:38]} 18. Ke2
{[%clk 0:41:42]} Nxe3 {[%clk 1:04:44]} 19. Kxe3 {[%clk 0:39:38]} Bh6
{[%clk 1:04:42]} 20. Ncd5 {[%clk 0:39:48]} e5 {[%clk 1:03:40]} 21. Kxe4
{[%clk 0:34:47]} exf4 {[%clk 1:03:55]} 22. Bh3 {[%clk 0:33:17]} Re8+
{[%clk 1:02:06]} 23. Kd3 {[%clk 0:33:41]} Nb4+ {[%clk 0:58:25]} 24. Nxb4
{[%clk 0:30:25]} Re3+ {[%clk 0:58:51]} 25. Kc2 {[%clk 0:29:56]} Rxh3
{[%clk 0:59:16]} 26. Nd5 {[%clk 0:30:12]} f3 {[%clk 0:55:59]} 27. Rce1
{[%clk 0:24:32]} Bg5 {[%clk 0:52:59]} 28. Re5 {[%clk 0:19:46]} h6
{[%clk 0:51:25]} 29. c5 {[%clk 0:14:24]} f2 {[%clk 0:49:42]} 30. Rf1
{[%clk 0:13:34]} Rf8 {[%clk 0:47:51]} 31. b4 {[%clk 0:11:01]} Rxh2
{[%clk 0:43:42]} 32. Kd1 {[%clk 0:04:39]} Rh3 {[%clk 0:43:39]} 33. b5
{[%clk 0:04:20]} Ra3 {[%clk 0:39:36]} 34. Kc2 {[%clk 0:00:43]} Rff3
{[%clk 0:34:01]} 35. c6 {[%clk 0:00:39]} bxc6 {[%clk 0:23:22]} 36. bxc6
{[%clk 0:01:07]} Rxa2+ {[%clk 0:23:29]} 37. Kb1 {[%clk 0:01:36]} Rd2
{[%clk 0:10:39]} 38. c7 {[%clk 0:00:53]} Rf8 {[%clk 0:11:05]} 39. Nc3
{[%clk 0:00:49]} Rc8 {[%clk 0:09:38]} 40. Rc5 {[%clk 0:30:52]} Bh4
{[%clk 0:37:33]} 41. Rc4 {[%clk 0:28:48]} g5 {[%clk 0:34:14]} 42. Ne4
{[%clk 0:13:52]} Re2 {[%clk 0:32:57]} 43. Rfc1 {[%clk 0:10:31]} Re1
{[%clk 0:32:26]} 44. Nd2 {[%clk 0:10:59]} Bg3 {[%clk 0:32:12]} 45. Nf1
{[%clk 0:10:54]} Bf4 {[%clk 0:32:26]} 0-1

[Event "Women's World Team Chess Championship"]
[Site "Khanty-Mansiysk, RUS."]
[Date "2017.06.18"]
[Round "2.17"]
[White "Zatonskih Anna (USA)"]
[Black "Harika Dronavalli (IND)"]
[Result "1/2-1/2"]
[BlackElo "2535"]
[WhiteElo "2417"]
[LiveChessVersion "1.4.8"]

1. Nf3 {[%clk 1:30:57]} d5 {[%clk 1:30:01]} 2. d4 {[%clk 1:25:41]} Nf6
{[%clk 1:30:02]} 3. c4 {[%clk 1:24:02]} e6 {[%clk 1:29:43]} 4. g3
{[%clk 1:15:48]} Bb4+ {[%clk 1:29:44]} 5. Bd2 {[%clk 1:15:37]} Be7
{[%clk 1:29:57]} 6. Bg2 {[%clk 1:15:46]} O-O {[%clk 1:30:00]} 7. O-O
{[%clk 1:15:36]} Nbd7 {[%clk 1:29:36]} 8. Qc2 {[%clk 1:05:38]} c6
{[%clk 1:28:56]} 9. Rd1 {[%clk 0:54:34]} b6 {[%clk 1:27:44]} 10. Bf4
{[%clk 0:45:21]} Ba6 {[%clk 1:26:17]} 11. Ne5 {[%clk 0:38:49]} 1/2-1/2

[Event "Women's World Team Chess Championship"]
[Site "Khanty-Mansiysk, RUS."]
[Date "2017.06.18"]
[Round "2.18"]
[White "Tania Sachdev (IND)"]
[Black "Foisor Sabina-Francesca (USA)"]
[Result "1-0"]
[BlackElo "2331"]
[WhiteElo "2408"]
[LiveChessVersion "1.4.8"]

1. d4 {[%clk 1:30:50]} Nf6 {[%clk 1:30:51]} 2. c4 {[%clk 1:31:16]} e6
{[%clk 1:31:18]} 3. Nf3 {[%clk 1:31:32]} d5 {[%clk 1:31:32]} 4. Nc3
{[%clk 1:31:56]} Be7 {[%clk 1:31:52]} 5. Qc2 {[%clk 1:32:12]} O-O
{[%clk 1:31:12]} 6. cxd5 {[%clk 1:32:10]} exd5 {[%clk 1:30:50]} 7. Bf4
{[%clk 1:32:17]} c6 {[%clk 1:30:27]} 8. e3 {[%clk 1:31:10]} Nh5 {[%clk 1:28:43]}
9. Be5 {[%clk 1:28:20]} Nd7 {[%clk 1:26:55]} 10. Bd3 {[%clk 1:18:09]} g6
{[%clk 1:24:50]} 11. O-O-O {[%clk 1:07:46]} Nxe5 {[%clk 1:15:47]} 12. Nxe5
{[%clk 1:08:04]} Ng7 {[%clk 1:10:27]} 13. h3 {[%clk 1:07:04]} Bf5
{[%clk 1:02:13]} 14. g4 {[%clk 1:05:24]} Bxd3 {[%clk 1:01:12]} 15. Nxd3
{[%clk 1:04:30]} a5 {[%clk 0:58:15]} 16. Kb1 {[%clk 1:04:39]} b5 {[%clk 0:56:28]}
17. h4 {[%clk 0:48:15]} h6 {[%clk 0:47:30]} 18. f4 {[%clk 0:35:47]} a4
{[%clk 0:44:30]} 19. f5 {[%clk 0:22:42]} g5 {[%clk 0:33:44]} 20. hxg5
{[%clk 0:19:27]} Bxg5 {[%clk 0:34:09]} 21. e4 {[%clk 0:19:36]} a3
{[%clk 0:18:44]} 22. b3 {[%clk 0:14:59]} Re8 {[%clk 0:09:25]} 23. e5
{[%clk 0:09:14]} f6 {[%clk 0:07:59]} 24. Ne2 {[%clk 0:03:48]} Rc8
{[%clk 0:05:21]} 25. Qc5 {[%clk 0:02:16]} Qe7 {[%clk 0:03:55]} 26. Qxe7
{[%clk 0:02:20]} Rxe7 {[%clk 0:04:24]} 27. b4 {[%clk 0:01:01]} h5
{[%clk 0:02:41]} 28. gxh5 {[%clk 0:00:37]} Nxf5 {[%clk 0:02:44]} 29. Rdf1
{[%clk 0:00:58]} Ne3 {[%clk 0:02:28]} 30. exf6 {[%clk 0:01:20]} Nxf1
{[%clk 0:01:26]} 31. fxe7 {[%clk 0:01:48]} Nd2+ {[%clk 0:01:45]} 32. Kc2
{[%clk 0:02:15]} Kf7 {[%clk 0:00:56]} 33. Nef4 {[%clk 0:00:54]} Ne4
{[%clk 0:00:41]} 34. Ng6 {[%clk 0:00:36]} Bxe7 {[%clk 0:00:54]} 35. Nde5+
{[%clk 0:01:04]} Ke6 {[%clk 0:00:57]} 36. h6 {[%clk 0:00:41]} Nf6
{[%clk 0:00:31]} 37. Nxe7 {[%clk 0:00:53]} Kxe7 {[%clk 0:00:53]} 38. h7
{[%clk 0:01:22]} Nxh7 {[%clk 0:00:50]} 39. Rxh7+ {[%clk 0:01:48]} Ke6
{[%clk 0:01:09]} 40. Rh6+ {[%clk 0:32:02]} Kf5 {[%clk 0:31:26]} 41. Rxc6
{[%clk 0:30:36]} Rh8 {[%clk 0:30:21]} 42. Rc3 {[%clk 0:28:58]} Ke4
{[%clk 0:30:17]} 43. Nc6 {[%clk 0:28:58]} Ra8 {[%clk 0:28:51]} 44. Kb3
{[%clk 0:28:47]} Ra6 {[%clk 0:28:42]} 45. Rc5 {[%clk 0:28:51]} Kd3
{[%clk 0:28:28]} 46. Ne7 {[%clk 0:26:52]} Rb6 {[%clk 0:21:53]} 47. Nxd5
{[%clk 0:26:28]} Rb8 {[%clk 0:22:02]} 48. Nc3 {[%clk 0:26:01]} Kxd4
{[%clk 0:21:29]} 49. Nxb5+ {[%clk 0:25:51]} Kd3 {[%clk 0:21:20]} 50. Kxa3
{[%clk 0:26:07]} Ke4 {[%clk 0:20:30]} 51. Kb3 {[%clk 0:24:46]} 1-0

[Event "Women's World Team Chess Championship"]
[Site "Khanty-Mansiysk, RUS."]
[Date "2017.06.18"]
[Round "2.20"]
[White "Vijayalakshmi Subbaraman (IND)"]
[Black "Gorti Akshita (USA)"]
[Result "1/2-1/2"]
[BlackElo "2240"]
[WhiteElo "2375"]
[LiveChessVersion "1.4.8"]

1. d4 {[%clk 1:30:55]} e6 {[%clk 1:30:52]} 2. c4 {[%clk 1:31:14]} Nf6
{[%clk 1:31:14]} 3. a3 {[%clk 1:31:33]} b6 {[%clk 1:29:29]} 4. Nc3
{[%clk 1:31:04]} Bb7 {[%clk 1:29:38]} 5. Nf3 {[%clk 1:31:12]} d5 {[%clk 1:29:30]}
6. Bg5 {[%clk 1:31:02]} Be7 {[%clk 1:29:07]} 7. Qa4+ {[%clk 1:27:24]} Qd7
{[%clk 1:29:12]} 8. Qc2 {[%clk 1:26:10]} dxc4 {[%clk 1:29:08]} 9. e3
{[%clk 1:24:29]} Bxf3 {[%clk 1:24:57]} 10. gxf3 {[%clk 1:24:29]} b5
{[%clk 1:25:14]} 11. Bxf6 {[%clk 1:12:57]} gxf6 {[%clk 1:08:29]} 12. a4
{[%clk 1:02:46]} c6 {[%clk 0:54:08]} 13. axb5 {[%clk 0:50:07]} cxb5
{[%clk 0:54:16]} 14. Qe4 {[%clk 0:49:49]} Nc6 {[%clk 0:50:07]} 15. Nxb5
{[%clk 0:38:16]} Rb8 {[%clk 0:46:49]} 16. Nc3 {[%clk 0:32:44]} Rxb2
{[%clk 0:43:39]} 17. Bxc4 {[%clk 0:29:11]} f5 {[%clk 0:38:12]} 18. Qf4
{[%clk 0:18:22]} Bb4 {[%clk 0:26:10]} 19. Rc1 {[%clk 0:15:29]} Rg8
{[%clk 0:18:55]} 20. Bd3 {[%clk 0:10:36]} e5 {[%clk 0:15:09]} 21. Qh6
{[%clk 0:09:27]} exd4 {[%clk 0:11:11]} 22. Qxh7 {[%clk 0:08:11]} Rg6
{[%clk 0:10:49]} 23. Qh8+ {[%clk 0:08:23]} Ke7 {[%clk 0:10:58]} 24. Qh4+
{[%clk 0:07:51]} Ke8 {[%clk 0:09:34]} 25. Qh8+ {[%clk 0:07:23]} Ke7
{[%clk 0:05:52]} 26. Qh4+ {[%clk 0:07:35]} Ke8 {[%clk 0:05:21]} 1/2-1/2

[Event "Women's World Team Chess Championship"]
[Site "Khanty-Mansiysk, RUS."]
[Date "2017.06.19"]
[Round "3.1"]
[White "Harika Dronavalli (IND)"]
[Black "Ushenina Anna (UKR)"]
[Result "1/2-1/2"]
[BlackElo "2458"]
[WhiteElo "2535"]
[LiveChessVersion "1.4.8"]

1. e4 {[%clk 1:30:54]} c5 {[%clk 1:30:41]} 2. Nf3 {[%clk 1:31:16]} e6
{[%clk 1:30:41]} 3. d4 {[%clk 1:31:23]} cxd4 {[%clk 1:31:06]} 4. Nxd4
{[%clk 1:31:47]} Nc6 {[%clk 1:31:28]} 5. Nc3 {[%clk 1:32:04]} Qc7
{[%clk 1:31:47]} 6. Be2 {[%clk 1:31:27]} Nf6 {[%clk 1:29:44]} 7. Be3
{[%clk 1:29:29]} a6 {[%clk 1:28:23]} 8. O-O {[%clk 1:29:37]} Be7 {[%clk 1:28:41]}
9. f4 {[%clk 1:28:46]} d6 {[%clk 1:29:01]} 10. Qe1 {[%clk 1:26:11]} O-O
{[%clk 1:29:04]} 11. Qg3 {[%clk 1:25:51]} Nxd4 {[%clk 1:26:18]} 12. Bxd4
{[%clk 1:25:05]} b5 {[%clk 1:26:44]} 13. a3 {[%clk 1:25:21]} Bb7 {[%clk 1:27:06]}
14. Kh1 {[%clk 1:25:05]} Rad8 {[%clk 1:26:28]} 15. Rae1 {[%clk 1:23:44]} Bc6
{[%clk 1:25:14]} 16. Bd3 {[%clk 1:22:15]} Qd7 {[%clk 1:25:24]} 17. Na2
{[%clk 1:09:07]} Nh5 {[%clk 1:02:49]} 18. Qf2 {[%clk 0:46:37]} e5
{[%clk 0:54:51]} 19. fxe5 {[%clk 0:41:59]} dxe5 {[%clk 0:53:33]} 20. Bxe5
{[%clk 0:39:26]} Nf6 {[%clk 0:53:26]} 21. Bxf6 {[%clk 0:21:36]} Bxf6
{[%clk 0:53:41]} 22. e5 {[%clk 0:21:37]} Be7 {[%clk 0:48:54]} 23. Nb4
{[%clk 0:18:02]} Bb7 {[%clk 0:48:27]} 24. Be4 {[%clk 0:17:23]} Bxb4
{[%clk 0:43:53]} 25. axb4 {[%clk 0:17:43]} Bxe4 {[%clk 0:44:19]} 26. Rxe4
{[%clk 0:18:08]} Qd2 {[%clk 0:44:44]} 27. h3 {[%clk 0:13:39]} Qd5
{[%clk 0:28:14]} 28. Rfe1 {[%clk 0:09:01]} Rfe8 {[%clk 0:25:38]} 29. c3
{[%clk 0:08:51]} Qb3 {[%clk 0:25:36]} 30. Kh2 {[%clk 0:08:01]} Rd7
{[%clk 0:19:10]} 31. R1e2 {[%clk 0:07:27]} Rde7 {[%clk 0:18:54]} 32. Qg3
{[%clk 0:04:48]} Qd1 {[%clk 0:15:23]} 33. Qf4 {[%clk 0:03:28]} Qd7
{[%clk 0:11:57]} 34. Rd4 {[%clk 0:02:53]} Qc7 {[%clk 0:12:15]} 35. Red2
{[%clk 0:01:41]} h6 {[%clk 0:06:03]} 36. Rd6 {[%clk 0:01:55]} Rxe5
{[%clk 0:01:31]} 37. Rxa6 {[%clk 0:01:43]} Qe7 {[%clk 0:01:31]} 38. Ra1
{[%clk 0:01:22]} Re4 {[%clk 0:01:48]} 39. Qg3 {[%clk 0:01:20]} Re3
{[%clk 0:02:01]} 40. Qf4 {[%clk 0:30:50]} Re4 {[%clk 0:32:23]} 41. Qd6
{[%clk 0:26:22]} Qxd6+ {[%clk 0:31:21]} 42. Rxd6 {[%clk 0:24:45]} Re2
{[%clk 0:31:46]} 43. Rad1 {[%clk 0:20:29]} Rxb2 {[%clk 0:31:46]} 44. Rd8
{[%clk 0:20:26]} Rbe2 {[%clk 0:25:28]} 45. R1d5 {[%clk 0:20:06]} Rxd8
{[%clk 0:25:49]} 46. Rxd8+ {[%clk 0:20:35]} Kh7 {[%clk 0:26:14]} 47. Rd5
{[%clk 0:20:55]} Re3 {[%clk 0:26:30]} 48. Rc5 {[%clk 0:20:13]} g5
{[%clk 0:24:14]} 49. Kg1 {[%clk 0:17:23]} Kg6 {[%clk 0:24:21]} 50. Kf2
{[%clk 0:17:35]} Rd3 {[%clk 0:24:49]} 51. Ke2 {[%clk 0:16:59]} Rg3
{[%clk 0:25:15]} 52. Kf2 {[%clk 0:16:25]} Rd3 {[%clk 0:25:41]} 53. Rxb5
{[%clk 0:12:11]} Rxc3 {[%clk 0:26:05]} 54. Rc5 {[%clk 0:10:42]} Rb3
{[%clk 0:18:58]} 55. b5 {[%clk 0:11:08]} h5 {[%clk 0:11:00]} 56. Ke2
{[%clk 0:08:56]} h4 {[%clk 0:06:49]} 57. Rc6+ {[%clk 0:07:36]} Kh5
{[%clk 0:03:58]} 58. b6 {[%clk 0:07:09]} f5 {[%clk 0:02:58]} 59. Kd2
{[%clk 0:06:11]} g4 {[%clk 0:03:25]} 60. Kc2 {[%clk 0:06:19]} Rb5
{[%clk 0:03:48]} 61. Kd3 {[%clk 0:05:02]} g3 {[%clk 0:02:45]} 62. Kc3
{[%clk 0:02:53]} 1/2-1/2